| 000 | 01282naa a2200361 c 4500 | ||
|---|---|---|---|
| 001 | 29148 | ||
| 003 | ES-MaCES | ||
| 005 | 20150929132136.0 | ||
| 008 | 960425n1996 sp ||| | spa d | ||
| 035 | _aCES19980030924v | ||
| 040 |
_aES-MaCES _bspa _cES-MaCES |
||
| 100 | 1 |
_aCollado, Juan Carlos _99797 |
|
| 245 | 1 | 0 |
_aNivel de estudios y ocupaciones en la estructura sectorial del empleo _b: análisis comparativo con la UE _cJuan Carlos Collado, Isabel Martínez |
| 504 | _aBibliografía: p. 342 | ||
| 650 | 4 |
_acuadros estadísticos _928890 |
|
| 650 | 4 |
_acomparación _928892 |
|
| 650 | 4 |
_aEspaña _926964 |
|
| 650 | 4 |
_ainvestigación ocupacional _929814 |
|
| 650 | 4 |
_asector económico _930015 |
|
| 650 | 4 |
_acalificación para el empleo _928315 |
|
| 650 | 4 |
_acalificación profesional _928319 |
|
| 650 | 4 |
_acapital humano _929498 |
|
| 650 | 4 |
_anivel educativo _927448 |
|
| 650 | 4 |
_aocupación _928402 |
|
| 650 | 4 |
_aestructura del empleo _928304 |
|
| 653 | 1 | 0 | _aEmpleo |
| 650 | 4 |
_929020 _apaís de la UE |
|
| 700 | 1 |
_aMartínez, Isabel _917745 |
|
| 773 | 0 |
_tEconomistas _gMadrid. - Año 14, n. 69 extraordinario (1996) ; p. 336-342 _w(ES-MaCES)25299 |
|
| 902 | _aART Artículo de revista | ||
| 942 |
_2CES _cAR _h2.1. |
||
| 999 |
_c29148 _d29148 |
||